| 000 | 00986nam a22002417a 4500 | ||
|---|---|---|---|
| 010 | _aB-095169 | ||
| 020 |
_a8176471267 _c120.00 |
||
| 035 | _aB-095169 | ||
| 037 | _aCen Lib / Ret | ||
| 040 |
_aDPL _bPN |
||
| 082 |
_2821.08 _aਰਵਿਦਾ |
||
| 100 |
_aਸਰੋਜ ਰਾਣੀ ਸ਼ਰਮਾ _9131667 |
||
| 245 |
_aਗੁਰੂ ਰਵਿਦਾਸ ਜੀਵਨੀ ਤੇ ਬਾਣੀ-ਬੋਧ / _cਸਰੋਜ ਰਾਨੀ ਸ਼ਰਮਾ |
||
| 246 |
_aGuru ravidass jiwani te bani bod : criticism / _bby Saroj Rani Sharma |
||
| 260 |
_aਲੁਧਿਆਣਾ _bਲਾਹੈਰ ਬੂਕ ਸ਼ਾਪ _c2004 |
||
| 270 |
_a2- ਲਾਜਪਤ ਰਾਏ ਮਾਰਕੇਟ _bਲੁਧਿਆਣਾ |
||
| 300 |
_a112p ; _b24cm |
||
| 650 |
_aRawidāsa, -- Gurū _9131668 |
||
| 650 |
_aਰਾਵੀਦੱਸ -- ਗੁਰੂ _9147 |
||
| 650 |
_aਆਲੋਚਨਾ _9131669 |
||
| 650 |
_aCriticism _9131670 |
||
| 942 |
_2ddc _cPN _h821.08 _mਰਵਿਦਾ |
||
| 999 |
_c110798 _d110798 |
||